Kanagawa hōgaku = Review of law and politics

神奈川法学
Guardado en:  
Detalles Bibliográficos
Autores Corporativos: Kanagawa Daigaku. VerfasserIn (Autor) ; Hōgakkai. Herausgebendes Organ Yokohama (organimos emisor)
Tipo de documento: Print Revista
Lenguaje:Japonés
Publicado: Yokohama Kanagawa Daigaku Hōgakkai 1965-
En:Año: 1965
Verificar disponibilidad: HBZ Gateway
Volúmenes / Artículos:Mostrar volumes / artículos.
Palabras clave:

MARC

LEADER 00000cas a2200000 c 4500
001 168560062
003 DE-627
005 20251229173308.0
007 tu
008 941101c19659999ja z| p| 0 |0jpn c
016 7 |a 014231921  |2 DE-101 
016 7 |a 772549-8  |2 DE-600 
035 |a (DE-627)168560062 
035 |a (DE-576)075991004 
035 |a (DE-599)ZDB772549-8 
035 |a (OCoLC)1367806324 
040 |a DE-627  |b ger  |c DE-627  |e rakwb 
041 |a jpn 
044 |c XB-JP 
082 0 4 |a 340  |q DE-600 
084 |a ASIEN  |q DE-1a  |2 fid 
110 2 |6 880-04  |a Kanagawa Daigaku  |e VerfasserIn  |0 (DE-588)50453-1  |0 (DE-627)101107056  |0 (DE-576)190405783  |4 aut 
245 1 0 |6 880-01  |a Kanagawa hōgaku  |b  = Review of law and politics 
246 1 |i Abweichende Wortbildung des Haupttitels  |a Kanagawa-hōgaku 
246 3 1 |a Review of law and politics 
246 3 3 |6 880-03  |a Kanagawa hōgaku 
264 3 1 |6 880-06  |a Yokohama  |b Kanagawa Daigaku Hōgakkai  |c 1965- 
336 |a Text  |b txt  |2 rdacontent 
337 |a ohne Hilfsmittel zu benutzen  |b n  |2 rdamedia 
338 |a Band  |b nc  |2 rdacarrier 
362 0 |a 1.1965 - 
363 0 1 |a 1  |i 1965 
546 |a Text japan 
591 |a (AutopIIIF) 
655 7 |a Zeitschrift  |0 (DE-588)4067488-5  |0 (DE-627)10454466X  |0 (DE-576)20917000X  |2 gnd-content 
710 2 |6 880-05  |a Hōgakkai  |g Yokohama  |e Herausgebendes Organ  |0 (DE-588)5053336-8  |0 (DE-627)104051760  |0 (DE-576)194111911  |4 isb 
880 2 |6 110-04/Jpan  |a 神奈川大学  |e VerfasserIn  |0 (DE-588)50453-1  |0 (DE-627)101107056  |0 (DE-576)190405783  |4 aut 
880 1 0 |6 245-01/Jpan  |a 神奈川法学 
880 3 3 |6 246-03/Kana  |a カナガワ ホウガク 
880 3 1 |6 264-06/Jpan  |a 横浜  |b 神奈川大学法学会  |c 1965- 
880 2 |6 710-05/Jpan  |a 法学会  |g 横浜  |e Herausgebendes Organ  |0 (DE-588)5053336-8  |0 (DE-627)104051760  |0 (DE-576)194111911  |4 isb 
951 |a JT 
ELC |b 1 
LOK |0 000 xxxxxcx a22 zn 4500 
LOK |0 001 2354595743 
LOK |0 003 DE-627 
LOK |0 004 168560062 
LOK |0 005 20010116000000 
LOK |0 008 990419||||||||||||||||ger||||||| 
LOK |0 040   |a DE-21  |c DE-627  |d DE-21 
LOK |0 852   |a DE-21 
LOK |0 852 1  |9 00 
LOK |0 939   |a 19-04-99  |b l01 
ORI |a SA-MARC-krimdokb001.raw 
SPR |a 1  |t KRI